MESTSKÁ KNIŽNICA GIRALTOVCE  - online katalóg 

Mladým spevákom (Record no. 15223)

000 -NÁVESTIE
fixed length control field 00882nam a2200289 a 4500
008 - ÚDAJE S PEVNOU DĹŽKOU – VŠEOBECNÉ INFORMÁCIE
fixed length control field 960514s1987||||[C 0 slo c
020 ## - MEDZINÁRODNÉ ŠTANDARDNÉ ČÍSLO KNIHY (ISBN)
Údaje o dostupnosti 19 Kčs.
Qualifying information (3 000 výtl.)
040 ## - ZDROJ KATALOGIZÁCIE
Pôvodná katalogizujúca agentúra SNK
Jazyk katalogizácie slo
Prepisujúca agentúra SNK
Konvencie popisu AACR2
041 1# - KÓD JAZYKA
Kód jazyka textu/zvukovej stopy alebo samostatných nápisov slo
044 ## - KÓD KRAJINY VYDAVATEĽA/PRODUCENTA
Kód krajiny MARC xo
Kód krajiny ISO SK
080 ## - ČÍSLO MEDZINÁRODNÉHO DESATINNÉHO TRIEDENIA (MDT)
Číslo Medzinárodného desatinného triedenia (MDT) 784.1:784.4.087.61:786.2
080 ## - ČÍSLO MEDZINÁRODNÉHO DESATINNÉHO TRIEDENIA (MDT)
Číslo Medzinárodného desatinného triedenia (MDT) 784.4.087.61
080 ## - ČÍSLO MEDZINÁRODNÉHO DESATINNÉHO TRIEDENIA (MDT)
Číslo Medzinárodného desatinného triedenia (MDT) 786.2
080 ## - ČÍSLO MEDZINÁRODNÉHO DESATINNÉHO TRIEDENIA (MDT)
Číslo Medzinárodného desatinného triedenia (MDT) 784.4
080 ## - ČÍSLO MEDZINÁRODNÉHO DESATINNÉHO TRIEDENIA (MDT)
Číslo Medzinárodného desatinného triedenia (MDT) 786.2
245 10 - NÁZOV
Názov Mladým spevákom
Médium Hudobnina
Zvyšok názvu Spev a klavír ; Helena Répassyová, Milo Šamko, Jozef Krutý
250 ## - ÚDAJ O PORADÍ VYDANIA
Údaj o poradí vydania 1., vyd.
260 ## - VYDAVATEĽSKÉ ÚDAJE, DISTRIBÚCIA ATĎ.
Miesto publikovania, distribúcie atď. Bratislava
Názov vydavateľa, distibútora atď. Opus
Dátum publikovania, distribúcie atď. 1987
Miesto výroby Partizánske
Výrobca Západoslovenské tlačiarne
300 ## - FYZICKÝ POPIS
Rozsah 76 s.
Rozmery 30 cm
500 ## - VŠEOBECNÁ POZNÁMKA
Formátovaná poznámka o obsahu Hudobnina. Úvod.
500 ## - VŠEOBECNÁ POZNÁMKA
Formátovaná poznámka o obsahu Zost. Helena Répassyová a Milo Šamko. Ob. Jozef Krutý.
700 1# - PRIDANÝ VSTUP – OSOBNÉ MENO
Osobné meno Répassyová, Helena
Kód roly oth
700 1# - PRIDANÝ VSTUP – OSOBNÉ MENO
Osobné meno Šamko, Milo
Kód roly oth
700 1# - PRIDANÝ VSTUP – OSOBNÉ MENO
Osobné meno Krutý, Jozef
Kód roly oth
924 ## -
-- spev a klavír
958 ## - Formálny deskriptor
Formálny deskriptor H
Holdings
Stav stiahnutia (Blokovanie) (Withrawn status) Stav straty Stav poškodenia (Damaged status) Nie pre výpožičky (Not for loan) Spôsob nadobudnutia (Collection code) Trvalé umiestnenie Aktuálne umiestnenie Dátum nadobudnutia Náklady, bežná kúpna cena Inventárne číslo (prírastkové číslo) Full call number Dátum posledného výskytu Cena s účinnosťou od Typ jednotky Koha
        Kúpa Mestská knižnica Giraltovce Mestská knižnica Giraltovce 2019-11-29 19.00 14259 I 0319 2019-11-29 2019-11-29 Odborná literatúra pre dospelých

Powered by Koha